Organização, Sistemas e Métodos e as tecnologias de gestão organizacional (Record no. 135022)

MARC details
000 -LÍDER
campo de controle de tamanho fixo 01028 a2200193 4500
001 - NÚMERO DE CONTROLE
campo de controle 135022
020 ## - ISBN - INTERNATIONAL STANDARD BOOK NUMBER
ISBN - International Standard Book Number 978-85-224-4998-9
040 ## - FONTE DA CATALOGAÇÃO
Instituição que transcreveu o registro Leonardo Da Vinci
041 ## - CÓDIGO DE IDIOMA
Código do idioma do texto/trilha sonora ou título diferente Português
082 ## - CDD - CLASSIFICAÇÃO DECIMAL DE DEWEY
Número de Classificação 658.402 A69o
Número do exemplar A69o
100 ## - ENTRADA PRINCIPAL--NOME PESSOAL
Nome pessoal ARAUJO, Luis César G. de
245 ## - TÍTULO
Título Organização, Sistemas e Métodos e as tecnologias de gestão<br/>organizacional
Restante do título arquitetura organizacional, benchmarking, empowerment, gestão pela<br/>qualidade total, reengenharia
250 ## - EDIÇÃO
Edição 4.ed. v.1
260 ## - PUBLICAÇÃO, DISTRIBUIÇÃO, ETC.
Nome do editor, distribuidor, etc. Atlas
Data da publicação, distribuição, etc. 2008
Local de publicação, distribuição, etc. São Paulo
300 ## - DESCRIÇÃO FÍSICA
Extensão 334
362 ## - DATAS DE PUBLICAÇÃO E/OU DESIGNAÇÃO SEQUENCIAL
Datas de publicação e/ou designação sequencial 20080000
697 ## - ENTRADA DE ASSUNTO LOCAL--ENTIDADE COLETIVA (RLIN)
Nome corporativo ou nome da jurisdição Administração
-- Administração de empresas
-- Sistema
-- Métodos
-- OSM
-- Estratégia
-- Técnica
-- Manual
-- Norma
-- Metodologia
-- Coleta de dados
-- Entrevista
-- Questionário
-- Layout
-- Fluxograma
-- Distribuição de trabalho
-- Formulários
-- Organograma
-- Sistemas de informação
-- Arquitetura organizacional
-- Benchmarking
-- Empowerment
-- Qualidade
-- Qualidade total
-- Reengenharia
-- Mudança
-- Mudança organizacional
-- Estudo de caso
-- Manualização
-- IPPG/FIPEN
942 ## - ELEMENTOS DE ENTRADA ADICIONADOS (KOHA)
Tipo de material Koha Livros
Holdings
Situação do descarte Situação das perdas Situação física Não pode ser emprestado Biblioteca de origem Biblioteca atual Data de aquisição Total de empréstimos Número de chamada completo Código de barras Data de último acesso Data do preço efetivo Tipo de material Koha
        Leonardo Da Vinci - Osasco Leonardo Da Vinci - Osasco 27/03/2024   658.402 A69o O010739 27/03/2024 27/03/2024 Livros
        Leonardo Da Vinci - Osasco Leonardo Da Vinci - Osasco 27/03/2024   658.402 A69o O010736 27/03/2024 27/03/2024 Livros
        Leonardo Da Vinci - Osasco Leonardo Da Vinci - Osasco 27/03/2024   658.402 A69o O011868 27/03/2024 27/03/2024 Livros